Saudi Arabia all time starting xi - Statistics

General Stats
  • This quiz has been taken 4 times
  • The average score is 5 of 11
Answer Stats
Hint Answer % Correct
MF(1999-2012 Mohammed Noor
100%
FW(1991-1998 Saeed Al-Owairan
100%
MF(2012- Salem Al-Dawsari
100%
FW(1992-2006 Sami Al-Jaber
100%
FW(1977-1994 Majed Abdullah
50%
DF(1997-2006 Ahmad Al-Dokhi
0%
DF(1996-2018 Hussein Abdulghani
0%
GK(1993-2006 Mohamed Al-Deayea
0%
DF(1992-2001 Mohammed Al-Khilaiwi
0%
DF(2006-2018 Osama Hawsawi
0%
MF(2004-2018 Taiseer Al-Jassim
0%
No matching quizzes found
Score Distribution
Percent of People with Each Score
Percentile by Number Answered
Your Score History
You have not taken this quiz